Loading...

Fine arts in Ancient India/

Bibliographic Details
Main Author: Anil Baran Ganguly
Format: Printed Book
Published: New Delhi: Abhinav, 1979.
Subjects:
LEADER 00496nam a22001457a 4500
082 |a 709.34  |b ANI/F 
100 |a Anil Baran Ganguly 
245 |a Fine arts in Ancient India/  |c Anil Baran Ganguly 
260 |a New Delhi:  |b Abhinav,  |c 1979. 
300 |a 180p. 
650 |a Arts  |z India 
650 |a Fine Arts  |z India 
942 |c BK 
999 |c 56238  |d 56238 
952 |0 0  |1 0  |4 0  |6 709_340000000000000_ANI_F  |7 0  |9 79680  |a SSUS  |b SSUS  |c STACKS  |d 2015-09-04  |g 150.00  |l 1  |o 709.34 ANI/F  |p 078241  |r 2020-02-20  |s 2020-02-12  |w 2015-09-04  |y BK